00824nam a2200241 4500001001300000003000400013005001700017008004100034010001700075025002000092043001200112050002500124082001600149100002900165245008000194260006700274300002600341490003300367504004100400650003800441810008600479999001700565sa 68019033 DLC20260227112716.0710922s1968 ii a b 00000 eng  asa 68019033  aPL480:I-E-10694 aa-ii---0 aHN690.U8bL8 no. 353 a338.954/2 s10aSingh, Ram Surat,d1905-10aSoil conservation through people's effort:b"A pilot experiment in Etawah."0 aLucknow,bPlanning Research and Action Institute, U.P.c[1968] a33 p.billus.c25 cm.1 aP.R.A.I. publication no. 353 aIncludes bibliographical references. 0aSoil conservationzIndiazEtawah.1 aLucknow.bPlanning Research and Action Institute.tP.R.A.I. publication,vno. 353 c88785d88785